Inventory (Record no. 16010)

MARC details
000 -LEADER
fixed length control field 00259nam a2200109Ia 4500
082 ## - DEWEY DECIMAL CLASSIFICATION NUMBER
Classification number RR 016.3090723 SOC
100 ## - MAIN ENTRY--AUTHOR NAME
Personal name Social Science Research Council
245 #0 - TITLE STATEMENT
Title Inventory
260 ## - PUBLICATION, DISTRIBUTION, ETC. (IMPRINT)
Place of publication Essex
Name of publisher University of Essex
Year of publication 1974
300 ## - PHYSICAL DESCRIPTION
Number of Pages 215p.
942 ## - ADDED ENTRY ELEMENTS (KOHA)
Koha item type Books
Source of classification or shelving scheme Dewey Decimal Classification
Holdings
Withdrawn status Lost status Damaged status Not for loan Home library Current library Date acquired Full call number Accession Number Price effective from Koha item type
        NASSDOC Library NASSDOC Library 08/10/2004 RR 016.3090723 SOC 8587 18/04/2019 Books
        NASSDOC Library NASSDOC Library 08/10/2004 RR 016.3090723 SOC 8588 18/04/2019 Books